[Event "Moscow Aeroflot op-A"]
[Site "Moscow"]
[Date "2024.03.05"]
[Round "6"]
[White "Daneshvar, Bardiya"]
[Black "Volkov, Sergey"]
[Result "1/2-1/2"]
[WhiteElo "2597"]
[BlackElo "2438"]
[PlyCount "46"]
[EventDate "2024.03.03"]
[EventType "swiss"]
[EventRounds "9"]
[EventCountry "RUS"]
[SourceTitle "CB11_2024"]
[SourceDate "2024.03.13"]
[SourceVersion "1"]
[SourceVersionDate "2024.03.13"]
[SourceQuality "1"]

1. Nf3 d5 2. g3 Nf6 3. Bg2 c6 4. 0-0 Bg4 5. h3 Bxf3 6. Bxf3 g6 7. d3 Bg7 8. a4 a5 9. c3 0-0 10. Qc2 Re8 11. e4 e5 12. exd5 Nxd5 13. Nd2 Nd7 14. h4 Nc5 15. Ne4 Qb6 16. h5 Nb3 17. Rb1 Nxc1 18. hxg6 hxg6 19. Rbxc1 Rad8 20. Rce1 Nf6 21. Nd2 Nd7 22. Nc4 Qc7 23. Rd1 Nc5 1/2-1/2

[Event "Moscow Aeroflot op-A"]
[Site "Moscow"]
[Date "2024.03.04"]
[Round "4"]
[White "Timofeev, Artyom"]
[Black "Volkov, Sergey"]
[Result "1/2-1/2"]
[WhiteElo "2564"]
[BlackElo "2438"]
[PlyCount "24"]
[EventDate "2024.03.03"]
[EventType "swiss"]
[EventRounds "9"]
[EventCountry "RUS"]
[SourceTitle "CB11_2024"]
[SourceDate "2024.03.13"]
[SourceVersion "1"]
[SourceVersionDate "2024.03.13"]
[SourceQuality "1"]

1. c4 c6 2. e4 d5 3. exd5 Nf6 4. d4 cxd5 5. Nc3 Nc6 6. Bg5 Be6 7. c5 Ne4 8. Bf4 g5 9. Be3 Bg7 10. Qa4 0-0 11. Bb5 Bd7 12. Nge2 a6 1/2-1/2

[Event "Moscow-ch op Superfinal"]
[Site "Ershovo"]
[Date "2024.02.29"]
[Round "9"]
[White "Lintchevski, Daniil"]
[Black "Volkov, Sergey"]
[Result "1/2-1/2"]
[WhiteElo "2540"]
[BlackElo "2454"]
[PlyCount "27"]
[EventDate "2024.02.23"]
[EventType "swiss"]
[EventRounds "10"]
[EventCountry "RUS"]
[SourceTitle "CB10_2024"]
[SourceDate "2024.03.06"]
[SourceVersion "1"]
[SourceVersionDate "2024.03.06"]
[SourceQuality "1"]

1. d4 d5 2. c4 c6 3. Nf3 Nf6 4. Nc3 a6 5. e3 b5 6. b3 Bg4 7. a4 bxc4 8. bxc4 Nbd7 9. Bd2 e6 10. a5 c5 11. cxd5 exd5 12. Be2 Bd6 13. h3 Be6 14. dxc5 1/2-1/2

[Event "Moscow-ch op Superfinal"]
[Site "Ershovo"]
[Date "2024.02.28"]
[Round "8"]
[White "Volkov, Sergey"]
[Black "Suslov, Dmirtry"]
[Result "1-0"]
[WhiteElo "2454"]
[BlackElo "2036"]
[PlyCount "67"]
[EventDate "2024.02.23"]
[EventType "swiss"]
[EventRounds "10"]
[EventCountry "RUS"]
[SourceTitle "CB10_2024"]
[SourceDate "2024.03.06"]
[SourceVersion "1"]
[SourceVersionDate "2024.03.06"]
[SourceQuality "1"]

1. d4 Nf6 2. c4 g6 3. Nc3 Bg7 4. e4 d6 5. h3 0-0 6. Be3 e5 7. d5 Na6 8. g4 Nc5 9. Qc2 a5 10. Nge2 c6 11. Ng3 cxd5 12. exd5 Ne8 13. g5 f5 14. gxf6 Bxf6 15. Be2 Bg5 16. Bxc5 dxc5 17. Nce4 b6 18. Bg4 Bh4 19. 0-0-0 Bxg3 20. fxg3 Bxg4 21. hxg4 Nd6 22. Rhe1 Rf3 23. Qe2 Rf7 24. Nxd6 Qxd6 25. Qxe5 Qd7 26. Qe6 Qa4 27. d6 Rd8 28. Qd5 Qxa2 29. Re7 Qa1+ 30. Kc2 Qa4+ 31. Kd2 Rxd6 32. Qxd6 Rf2+ 33. Ke1 Qc2 34. Qe6+ 1-0

[Event "Moscow-ch op Superfinal"]
[Site "Ershovo"]
[Date "2024.02.27"]
[Round "7"]
[White "Scheglov, Gleb"]
[Black "Volkov, Sergey"]
[Result "0-1"]
[WhiteElo "2056"]
[BlackElo "2454"]
[PlyCount "138"]
[EventDate "2024.02.23"]
[EventType "swiss"]
[EventRounds "10"]
[EventCountry "RUS"]
[SourceTitle "CB10_2024"]
[SourceDate "2024.03.06"]
[SourceVersion "1"]
[SourceVersionDate "2024.03.06"]
[SourceQuality "1"]

1. Nf3 d5 2. g3 Nf6 3. Bg2 c5 4. 0-0 h6 5. c4 d4 6. e3 Nc6 7. exd4 cxd4 8. d3 e6 9. Re1 Bd6 10. Na3 0-0 11. Nc2 a5 12. a3 e5 13. Rb1 a4 14. b4 axb3 15. Rxb3 Re8 16. Nd2 Bg4 17. Bf3 Bxf3 18. Qxf3 Qd7 19. Ne4 Nxe4 20. Qxe4 Rad8 21. Bd2 Bc5 22. g4 b6 23. Nb4 Na5 24. Rbb1 Qa4 25. Nd5 Nb3 26. Bxh6 Rxd5 27. Qxd5 gxh6 28. g5 Re6 29. Kh1 Na5 30. Rxe5 Rxe5 31. Qxe5 Qc6+ 32. Kg1 Qg6 33. h4 Qxd3 34. Qe8+ Kg7 35. gxh6+ Kxh6 36. Re1 Qg6+ 37. Kf1 Qf6 38. Qe2 Qf5 39. Qe8 Qf6 40. Qe2 Kg7 41. Qg4+ Qg6 42. Qe2 Qf5 43. Rd1 Kf8 44. h5 Qh3+ 45. Ke1 Qxa3 46. Qe5 Nxc4 47. Qb8+ Kg7 48. h6+ Kh7 49. Qf4 Qc3+ 50. Kf1 Qh3+ 51. Kg1 Qxh6 52. Qxf7+ Qg7+ 53. Qxg7+ Kxg7 54. Kf1 Kf6 55. Ke2 Kf5 56. Rh1 Ne5 57. Rh5+ Kf4 58. Rh4+ Kg5 59. Re4 Kf5 60. Rh4 d3+ 61. Kf1 Ng4 62. Rh5+ Kf4 63. Rd5 Nxf2 64. Rd7 Ke3 65. Rd8 d2 66. Re8+ Kd3 67. Rd8+ Bd4 68. Re8 d1Q+ 69. Re1 Qxe1+ 0-1

[Event "Ufa Startsev Memorial"]
[Site "Ufa"]
[Date "2024.02.08"]
[Round "4"]
[White "Volkov, Sergey"]
[Black "Maslovskiy, Vladimir"]
[Result "1/2-1/2"]
[WhiteElo "2454"]
[BlackElo "2229"]
[PlyCount "79"]
[EventDate "2024.02.06"]
[EventType "swiss"]
[EventRounds "9"]
[EventCountry "RUS"]
[SourceTitle "CB07_2024"]
[SourceDate "2024.02.14"]
[SourceVersion "1"]
[SourceVersionDate "2024.02.14"]
[SourceQuality "1"]

1. d4 Nf6 2. c4 e6 3. Nc3 Bb4 4. e3 0-0 5. Bd3 d5 6. Nf3 c5 7. 0-0 dxc4 8. Bxc4 Nc6 9. a3 Ba5 10. Qd3 Qe7 11. Ne4 b6 12. Nxf6+ Qxf6 13. Bb5 Bb7 14. Bxc6 Bxc6 15. Ne5 Bb7 16. Nd7 Qh4 17. Nxf8 Bxg2 18. Qxh7+ Qxh7 19. Nxh7 Bxf1 20. Kxf1 Kxh7 21. Ke2 Rd8 22. b4 cxb4 23. axb4 Bxb4 24. Rxa7 Kg6 25. Rb7 Rc8 26. Kd1 Be1 27. f3 Rc6 28. Bd2 Bxd2 29. Kxd2 Rc8 30. Rxb6 Rh8 31. d5 Rxh2+ 32. Kd3 Kf6 33. f4 Rh1 34. e4 Rd1+ 35. Ke2 Rd4 36. Ke3 Ra4 37. d6 Ra3+ 38. Kd4 Ra4+ 39. Kd3 Ra3+ 40. Kd4 1/2-1/2

[Event "Ufa Startsev Memorial Blitz"]
[Site "Ufa"]
[Date "2024.02.03"]
[Round "3"]
[White "Afanasiev, Nikita"]
[Black "Volkov, Sergey"]
[Result "1-0"]
[WhiteElo "2540"]
[BlackElo "2454"]
[PlyCount "116"]
[EventDate "2024.02.03"]
[EventType "swiss (blitz)"]
[EventRounds "13"]
[EventCountry "RUS"]
[SourceTitle "CB07_2024"]
[SourceDate "2024.02.14"]
[SourceVersion "1"]
[SourceVersionDate "2024.02.14"]
[SourceQuality "1"]

1. c4 c6 2. Nf3 d5 3. e3 Nf6 4. b3 Bf5 5. Bb2 e6 6. d3 h6 7. Nbd2 Nbd7 8. Qc2 Bh7 9. Be2 Bd6 10. 0-0 0-0 11. Rfd1 Qe7 12. a3 a5 13. Nf1 e5 14. Ng3 Rfe8 15. cxd5 cxd5 16. Qb1 Rac8 17. Rc1 Nc5 18. Bc3 e4 19. Bxf6 Qxf6 20. dxe4 Nxe4 21. Nxe4 Bxe4 22. Qa2 Qe7 23. Rxc8 Rxc8 24. Nd4 Bxa3 25. Bg4 Rc7 26. Nb5 Rc1+ 27. Rxc1 Bxc1 28. Qxa5 Qc5 29. Qd8+ Kh7 30. Nd4 Bb2 31. h3 Bxd4 32. exd4 Qxd4 33. Qd7 Qa1+ 34. Kh2 Qe5+ 35. Kg1 f5 36. Bh5 f4 37. Bg4 b6 38. Be6 Qg5 39. f3 Bg6 40. Qc8 Bb1 41. Qg8+ Kg6 42. Qf7+ Kh7 43. Bxd5 Qe5 44. Kh2 Qf5 45. Qg8+ Kg6 46. Qe8+ Kh7 47. Be6 Qg5 48. Bf7 h5 49. Bxh5 Bf5 50. Bg4 Bxg4 51. hxg4 Qh4+ 52. Kg1 Qf6 53. Qh5+ Kg8 54. Kh2 g6 55. Qd5+ Kg7 56. g5 Qa1 57. Qb7+ Kh8 58. Qxb6 Qe1 1-0

[Event "Ufa Startsev Memorial Blitz"]
[Site "Ufa"]
[Date "2024.02.03"]
[Round "7"]
[White "Kezin, Roman"]
[Black "Volkov, Sergey"]
[Result "1-0"]
[WhiteElo "2486"]
[BlackElo "2454"]
[PlyCount "167"]
[EventDate "2024.02.03"]
[EventType "swiss (blitz)"]
[EventRounds "13"]
[EventCountry "RUS"]
[SourceTitle "CB07_2024"]
[SourceDate "2024.02.14"]
[SourceVersion "1"]
[SourceVersionDate "2024.02.14"]
[SourceQuality "1"]

1. d4 d5 2. c4 c6 3. Nf3 Nf6 4. g3 Bf5 5. Nc3 e6 6. Qb3 Qb6 7. c5 Qc7 8. Bf4 Qc8 9. Nh4 Bg6 10. Nxg6 hxg6 11. Bg2 Nbd7 12. 0-0 Be7 13. Qc2 0-0 14. b4 a6 15. h4 Re8 16. a4 Bf8 17. Bh3 Nh5 18. Bg5 Qc7 19. b5 a5 20. b6 Qb8 21. e4 dxe4 22. Nxe4 Ndf6 23. Nd2 Nd5 24. Nf3 Be7 25. Kh2 Bxg5 26. hxg5 Ne3 27. Qe4 Nxf1+ 28. Rxf1 Qd8 29. Qe3 e5 30. dxe5 Qd5 31. g4 Nf6 32. gxf6 gxf6 33. Bg2 fxe5 34. Ng5 Qd4 35. Qxd4 exd4 36. Ne4 Kg7 37. Nd6 Re7 38. Nxb7 d3 39. Nd6 Rd8 40. Rd1 Re5 41. Kg3 d2 42. Rxd2 Rxc5 43. b7 Rb8 44. Rd3 Rc1 45. Rb3 c5 46. Bc6 c4 47. Rb5 c3 48. Rc5 c2 49. Ne8+ Rxe8 50. Bxe8 Rb1 51. Rxc2 Rxb7 52. Bb5 Re7 53. Kf3 Re1 54. Rc6 f5 55. gxf5 gxf5 56. Ra6 Ra1 57. Rxa5 Kf6 58. Ra8 Ke5 59. Re8+ Kf6 60. Re2 Kg5 61. Re3 Kf6 62. Rc3 Kg5 63. Rc4 Ra3+ 64. Kg2 f4 65. Bc6 Kg4 66. Bd7+ Kg5 67. Rc5+ Kh4 68. Rc4 Kg5 69. Bc6 Kg4 70. Rc2 Kh4 71. Bf3 Rxa4 72. Rc5 Ra5 73. Rc1 Rg5+ 74. Kf1 Ra5 75. Rc4 Kg5 76. Rd4 Ra3 77. Kg2 Kf5 78. Rd5+ Ke6 79. Rb5 Rc3 80. Be4 Ra3 81. f3 Ra1 82. Kh3 Rg1 83. Kh4 Rg3 84. Rg5 1-0

[Event "Chessable Masters Play In"]
[Site "Chess.com INT"]
[Date "2024.01.31"]
[Round "8"]
[White "Volkov, Sergey"]
[Black "Holt, Conrad"]
[Result "1-0"]
[WhiteElo "2454"]
[BlackElo "2540"]
[PlyCount "121"]
[EventDate "2024.01.31"]
[EventType "swiss (rapid)"]
[EventRounds "9"]
[EventCountry "USA"]
[SourceTitle "CB06_2024"]
[SourceDate "2024.02.07"]
[SourceVersion "1"]
[SourceVersionDate "2024.02.07"]
[SourceQuality "1"]

1. d4 d5 2. c4 c6 3. cxd5 cxd5 4. Bf4 Nc6 5. e3 Nf6 6. Nc3 Bf5 7. Qb3 Na5 8. Qa4+ Bd7 9. Qc2 e6 10. Nf3 Rc8 11. Bd3 Nc6 12. a3 Nh5 13. Bg5 Be7 14. Bxe7 Qxe7 15. 0-0 Nf6 16. Rfc1 0-0 17. h3 Rfd8 18. Ne5 Be8 19. f4 g6 20. b4 Nd7 21. Qb3 Nb6 22. Nxc6 Rxc6 23. b5 Rc7 24. Na4 Nc8 25. Rxc7 Qxc7 26. Nc5 Nd6 27. Qb4 Qe7 28. b6 axb6 29. Qxb6 Bc6 30. a4 g5 31. a5 gxf4 32. exf4 Qf6 33. Kh1 Nc4 34. Bxc4 dxc4 35. a6 Rxd4 36. a7 Bxg2+ 37. Kg1 Bd5 38. a8Q+ Kg7 39. Qbd8 Qxf4 40. Qh8+ Kg6 41. Qag8+ Kf5 42. Qhxh7+ Ke5 43. Qb8+ Kf6 44. Qxf4+ Rxf4 45. Qh6+ Kf5 46. Rf1 Rxf1+ 47. Kxf1 b5 48. Qd2 Ke5 49. Na6 f5 50. Nb4 Be4 51. Kf2 f4 52. h4 Bg6 53. Qe2+ Kf6 54. Nc6 Bf5 55. Qe5+ Kg6 56. Qxf4 c3 57. Qg5+ Kf7 58. Nd4 Bh7 59. Qxb5 c2 60. Qc5 Kf6 61. Nxc2 1-0

[Event "Chessable Masters Play In"]
[Site "Chess.com INT"]
[Date "2024.01.31"]
[Round "4"]
[White "Volkov, Sergey"]
[Black "Laurusas, Tomas"]
[Result "1-0"]
[WhiteElo "2454"]
[BlackElo "2590"]
[PlyCount "125"]
[EventDate "2024.01.31"]
[EventType "swiss (rapid)"]
[EventRounds "9"]
[EventCountry "USA"]
[SourceTitle "CB06_2024"]
[SourceDate "2024.02.07"]
[SourceVersion "1"]
[SourceVersionDate "2024.02.07"]
[SourceQuality "1"]

1. d4 d5 2. c4 c6 3. cxd5 cxd5 4. Bf4 Nf6 5. e3 Nc6 6. Nc3 a6 7. Be2 e6 8. Rc1 Be7 9. Nf3 Nh5 10. Be5 f6 11. Bg3 Nxg3 12. hxg3 f5 13. Bd3 Bd6 14. Qe2 g6 15. Nd2 0-0 16. Nb3 h5 17. a3 Kg7 18. Nc5 Rf7 19. b4 Rb8 20. Qb2 Ne7 21. Ne2 Ng8 22. Nf4 Qe7 23. a4 Nf6 24. a5 b5 25. Be2 Ra8 26. Nfd3 Qe8 27. Ne5 Rc7 28. f3 Raa7 29. Kf2 Kg8 30. Qd2 Rg7 31. Ncd3 Rac7 32. Nc5 Qd8 33. Bd3 Bf8 34. Rc2 Ne8 35. g4 hxg4 36. fxg4 Nd6 37. Qe2 Qf6 38. Qf3 Rh7 39. Rcc1 Rh4 40. gxf5 Rxh1 41. Rxh1 gxf5 42. g4 Bg7 43. gxf5 Nxf5 44. Bxf5 Qxf5 45. Qxf5 exf5 46. Ned3 Rc6 47. Nf4 Rd6 48. Rc1 Kf7 49. Ncd3 Bd7 50. Rc7 Ke8 51. Nc5 Bh6 52. Kf3 Kd8 53. Ra7 Bc8 54. Rh7 Bf8 55. Rh8 Ke7 56. Rh7+ Kd8 57. Ra7 Bh6 58. Nfd3 f4 59. Ne5 Rf6 60. Rf7 Bg5 61. Rg7 Bh6 62. Rf7 Bg5 63. exf4 1-0

[Event "Khanty-Mansiysk TOP 28 Rapid GP"]
[Site "Khanty-Mansiysk"]
[Date "2023.12.03"]
[Round "12"]
[White "Volkov, Sergey"]
[Black "Khripachenko, Alexander"]
[Result "1/2-1/2"]
[WhiteElo "2456"]
[BlackElo "2259"]
[PlyCount "84"]
[EventDate "2023.12.01"]
[EventType "tourn (rapid)"]
[EventRounds "13"]
[EventCountry "RUS"]
[EventCategory "10"]
[SourceTitle "CB49_2023"]
[SourceDate "2023.12.06"]
[SourceVersion "1"]
[SourceVersionDate "2023.12.06"]
[SourceQuality "1"]

1. d4 d5 2. c4 e6 3. Nc3 Be7 4. cxd5 exd5 5. Bf4 c6 6. e3 Bf5 7. g4 Be6 8. h4 Nd7 9. h5 Nh6 10. Be2 f5 11. Bxh6 gxh6 12. gxf5 Bxf5 13. Bg4 Bxg4 14. Qxg4 Nf6 15. Qe6 Qd7 16. Qxd7+ Kxd7 17. Nf3 Bd6 18. Ke2 Ke6 19. a3 a5 20. Rac1 Rhg8 21. Ne1 Raf8 22. Nd3 Ne4 23. Nxe4 dxe4 24. Nc5+ Bxc5 25. Rxc5 Rg5 26. Rh4 Rxc5 27. Rxe4+ Kf5 28. Rf4+ Kg5 29. Rxf8 Rc2+ 30. Kd3 Rxb2 31. f4+ Kxh5 32. Rg8 Rb3+ 33. Ke4 Rxa3 34. f5 Ra1 35. f6 Rf1 36. Ke5 a4 37. Ke6 a3 38. f7 a2 39. Ra8 Kg6 40. Rg8+ Kh5 41. Ra8 Kg6 42. Rg8+ Kh5 1/2-1/2

[Event "Khanty-Mansiysk TOP 28 Rapid GP"]
[Site "Khanty-Mansiysk"]
[Date "2023.12.02"]
[Round "7"]
[White "Iljiushenok, Ilia"]
[Black "Volkov, Sergey"]
[Result "0-1"]
[WhiteElo "2547"]
[BlackElo "2456"]
[PlyCount "76"]
[EventDate "2023.12.01"]
[EventType "tourn (rapid)"]
[EventRounds "13"]
[EventCountry "RUS"]
[EventCategory "10"]
[SourceTitle "CB49_2023"]
[SourceDate "2023.12.06"]
[SourceVersion "1"]
[SourceVersionDate "2023.12.06"]
[SourceQuality "1"]

1. d4 d5 2. Nf3 Nf6 3. c4 c6 4. Nc3 a6 5. c5 g6 6. h3 Bg7 7. Bf4 0-0 8. e3 Nfd7 9. Be2 e5 10. Bh2 Re8 11. 0-0 e4 12. Nd2 Nf8 13. Qb3 Nbd7 14. Na4 f5 15. Kh1 Ne6 16. f3 exf3 17. Nxf3 f4 18. exf4 Bxd4 19. Rae1 Ndxc5 20. Nxc5 Bxc5 21. f5 gxf5 22. Bd3 Bf8 23. Bxf5 Nc5 24. Bxh7+ Kxh7 25. Rxe8 Qxe8 26. Ng5+ Kg8 27. Qf3 Bg7 28. Bd6 Ne4 29. Nxe4 dxe4 30. Qg3 Be6 31. Be5 Qd7 32. Qg6 Bd5 33. Rf5 Rf8 34. Rh5 Rf1+ 35. Kh2 Qf7 36. Qg4 Be6 37. Qg5 Rf5 38. Qd8+ Qf8 0-1

[Event "Khanty-Mansiysk TOP 28 Rapid GP"]
[Site "Khanty-Mansiysk"]
[Date "2023.12.02"]
[Round "9"]
[White "Nesterov, Arseniy"]
[Black "Volkov, Sergey"]
[Result "1/2-1/2"]
[WhiteElo "2597"]
[BlackElo "2456"]
[PlyCount "35"]
[EventDate "2023.12.01"]
[EventType "tourn (rapid)"]
[EventRounds "13"]
[EventCountry "RUS"]
[EventCategory "10"]
[SourceTitle "CB49_2023"]
[SourceDate "2023.12.06"]
[SourceVersion "1"]
[SourceVersionDate "2023.12.06"]
[SourceQuality "1"]

1. d4 d5 2. Nf3 Nf6 3. Bf4 c5 4. e3 Nc6 5. Nbd2 e6 6. c3 Nh5 7. Bg5 f6 8. Bh4 g6 9. Bd3 cxd4 10. cxd4 Be7 11. 0-0 0-0 12. Rc1 Bd7 13. a3 Ng7 14. Nb3 Nf5 15. Bxf5 gxf5 16. Nc5 Bxc5 17. Rxc5 b6 18. Rc3 1/2-1/2

[Event "Khanty-Mansiysk TOP 28 Rapid GP"]
[Site "Khanty-Mansiysk"]
[Date "2023.12.02"]
[Round "8"]
[White "Volkov, Sergey"]
[Black "Kryakvin, Dmitry"]
[Result "1/2-1/2"]
[WhiteElo "2456"]
[BlackElo "2471"]
[PlyCount "41"]
[EventDate "2023.12.01"]
[EventType "tourn (rapid)"]
[EventRounds "13"]
[EventCountry "RUS"]
[EventCategory "10"]
[SourceTitle "CB49_2023"]
[SourceDate "2023.12.06"]
[SourceVersion "1"]
[SourceVersionDate "2023.12.06"]
[SourceQuality "1"]

1. d4 Nf6 2. c4 e6 3. Nf3 Bb4+ 4. Nbd2 b6 5. e3 Bb7 6. Bd3 0-0 7. a3 Bxd2+ 8. Bxd2 Ne4 9. 0-0 d6 10. Be1 f5 11. Kh1 Nd7 12. Ng1 Qe8 13. f3 Ng5 14. Qc2 Qg6 15. b4 c5 16. Rb1 e5 17. bxc5 e4 18. Be2 exf3 19. Nxf3 Be4 20. Bd3 dxc5 21. Nh4 1/2-1/2

[Event "Khanty-Mansiysk TOP 28 Rapid GP"]
[Site "Khanty-Mansiysk"]
[Date "2023.12.02"]
[Round "6"]
[White "Volkov, Sergey"]
[Black "Remizov, Yaroslav"]
[Result "1-0"]
[WhiteElo "2456"]
[BlackElo "2437"]
[PlyCount "117"]
[EventDate "2023.12.01"]
[EventType "tourn (rapid)"]
[EventRounds "13"]
[EventCountry "RUS"]
[EventCategory "10"]
[SourceTitle "CB49_2023"]
[SourceDate "2023.12.06"]
[SourceVersion "1"]
[SourceVersionDate "2023.12.06"]
[SourceQuality "1"]

1. d4 d5 2. c4 e6 3. Nf3 Nf6 4. Nc3 c6 5. cxd5 exd5 6. Qc2 g6 7. Bg5 Bg7 8. e3 Bf5 9. Bd3 Bxd3 10. Qxd3 h6 11. Bf4 0-0 12. 0-0 Nh5 13. Bxb8 Qxb8 14. b4 Qd6 15. Rab1 a6 16. Na4 Rae8 17. Nc5 Re7 18. a4 f5 19. b5 axb5 20. axb5 g5 21. bxc6 bxc6 22. Rb7 g4 23. Nd2 Nf6 24. Rxe7 Qxe7 25. Qa6 Qd6 26. Ndb3 Ne4 27. Nxe4 fxe4 28. Na5 Rf6 29. Qc8+ Kh7 30. Nb7 Qe7 31. Nc5 h5 32. Qd7 Rf7 33. Qxc6 Qg5 34. Ne6 Qf5 35. Nf4 Bxd4 36. Qxd5 Be5 37. g3 h4 38. Ne6 Kg6 39. Nc5 Rc7 40. Nxe4 h3 41. Nd6 Bxd6 42. Qxd6+ Kh5 43. f3 Rg7 44. e4 Qc8 45. fxg4+ Qxg4 46. Rf5+ Rg5 47. Rxg5+ Kxg5 48. Qe5+ Kg6 49. Qf5+ Qxf5 50. exf5+ Kxf5 51. Kf2 Kg4 52. Ke3 Kf5 53. Kd3 Ke5 54. Kd2 Kd4 55. Ke2 Ke4 56. Kf2 Kf5 57. Ke3 Kg4 58. Ke4 Kg5 59. Kf3 1-0

[Event "Khanty-Mansiysk TOP 28 Rapid GP"]
[Site "Khanty-Mansiysk"]
[Date "2023.12.01"]
[Round "4"]
[White "Volkov, Sergey"]
[Black "Grebnev, Aleksey"]
[Result "1/2-1/2"]
[WhiteElo "2456"]
[BlackElo "2500"]
[PlyCount "31"]
[EventDate "2023.12.01"]
[EventType "tourn (rapid)"]
[EventRounds "13"]
[EventCountry "RUS"]
[EventCategory "10"]
[SourceTitle "CB49_2023"]
[SourceDate "2023.12.06"]
[SourceVersion "1"]
[SourceVersionDate "2023.12.06"]
[SourceQuality "1"]

1. d4 Nf6 2. c4 e6 3. Nf3 Bb4+ 4. Nbd2 b6 5. e3 Bb7 6. Bd3 0-0 7. 0-0 d5 8. a3 Be7 9. Qe2 Nbd7 10. Rd1 c5 11. cxd5 exd5 12. b3 Re8 13. Bb2 Bd6 14. Ba6 Bxa6 15. Qxa6 Qc8 16. Qxc8 1/2-1/2

[Event "Khanty-Mansiysk Governor Cup Rapid"]
[Site "Khanty-Mansiysk"]
[Date "2023.11.27"]
[Round "7"]
[White "Kazakov, Vadim"]
[Black "Volkov, Sergey"]
[Result "0-1"]
[WhiteElo "1995"]
[BlackElo "2456"]
[PlyCount "94"]
[EventDate "2023.11.26"]
[EventType "swiss (rapid)"]
[EventRounds "11"]
[EventCountry "RUS"]
[SourceTitle "CB49_2023"]
[SourceDate "2023.12.06"]
[SourceVersion "1"]
[SourceVersionDate "2023.12.06"]
[SourceQuality "1"]

1. d4 d5 2. c4 c6 3. Nc3 Nf6 4. e3 Bf5 5. cxd5 cxd5 6. Qb3 Nc6 7. Qxb7 Bd7 8. Qb3 Rb8 9. Qd1 e5 10. dxe5 Nxe5 11. Be2 Bd6 12. Nf3 Nxf3+ 13. Bxf3 Qc7 14. h3 0-0 15. 0-0 Rfd8 16. Nxd5 Nxd5 17. Bxd5 Bb5 18. Re1 Bb4 19. e4 Bxe1 20. Qxe1 Bd7 21. Bd2 Re8 22. Bc3 Be6 23. Qd2 Bxd5 24. Qxd5 Qf4 25. Qd4 f6 26. Qxa7 Qxe4 27. Qd4 Qc6 28. Rd1 Kh8 29. Qd5 Qb6 30. a3 h6 31. Qf3 Rb7 32. a4 Rbe7 33. a5 Qb5 34. Rd4 Re6 35. Rg4 Rd6 36. Re4 Red8 37. Re1 Rd3 38. Qe4 Qb8 39. Qg4 R3d7 40. h4 Qb5 41. Qg6 Rd1 42. Qe4 Rxe1+ 43. Qxe1 Qa4 44. Qe7 Rd1+ 45. Be1 Qxa5 46. Qe8+ Kh7 47. Qe4+ f5 0-1

[Event "Khanty-Mansiysk Governor Cup 19th"]
[Site "Khanty-Mansiysk"]
[Date "2023.11.24"]
[Round "8"]
[White "Volkov, Sergey"]
[Black "Lintchevski, Daniil"]
[Result "0-1"]
[WhiteElo "2456"]
[BlackElo "2542"]
[PlyCount "114"]
[EventDate "2023.11.17"]
[EventType "swiss"]
[EventRounds "9"]
[EventCountry "RUS"]
[SourceTitle "CB48_2023"]
[SourceDate "2023.11.29"]
[SourceVersion "1"]
[SourceVersionDate "2023.11.29"]
[SourceQuality "1"]

1. d4 Nf6 2. c4 e6 3. Nf3 d5 4. Nc3 Be7 5. Bg5 0-0 6. e3 h6 7. Bh4 Ne4 8. Bxe7 Qxe7 9. Qb3 Nxc3 10. bxc3 dxc4 11. Bxc4 b6 12. 0-0 Bb7 13. Be2 c5 14. a4 cxd4 15. cxd4 Nc6 16. Rfc1 Rfc8 17. Qd1 Rc7 18. Rc3 Rac8 19. Rac1 Nb4 20. Rxc7 Rxc7 21. Ne5 Nd5 22. Bc4 Qa3 23. h3 Nc3 24. Ra1 Nxd1 25. Rxa3 Nb2 26. Bb5 a6 27. Be8 Bd5 28. e4 Bxe4 29. Rb3 Nc4 30. Nxc4 Rxc4 31. Rxb6 Kf8 32. f3 Bd5 33. Rb8 Ke7 34. a5 Rxd4 35. Rc8 Rc4 36. Rb8 h5 37. Kf2 h4 38. Kg1 g5 39. Kf2 Rc2+ 40. Kg1 Ra2 41. Rc8 Rxa5 42. Bc6 Ra1+ 43. Kf2 Ra2+ 44. Kg1 Bxc6 45. Rxc6 a5 46. Rc4 e5 47. Rc6 a4 48. Ra6 a3 49. Kh2 Ra1 50. g4 hxg3+ 51. Kxg3 a2 52. Kg2 f5 53. Ra4 Kd6 54. Ra8 e4 55. fxe4 fxe4 56. Ra3 e3 57. Rxe3 Rb1 0-1

[Event "Khanty-Mansiysk Governor Cup 19th"]
[Site "Khanty-Mansiysk"]
[Date "2023.11.17"]
[Round "1"]
[White "Kotelva, Lev M"]
[Black "Volkov, Sergey"]
[Result "0-1"]
[WhiteElo "1939"]
[BlackElo "2456"]
[PlyCount "172"]
[EventDate "2023.11.17"]
[EventType "swiss"]
[EventRounds "9"]
[EventCountry "RUS"]
[SourceTitle "CB48_2023"]
[SourceDate "2023.11.29"]
[SourceVersion "1"]
[SourceVersionDate "2023.11.29"]
[SourceQuality "1"]

1. d4 d5 2. Nf3 Nf6 3. c4 c6 4. Nc3 dxc4 5. a4 e6 6. e3 c5 7. Bxc4 Nc6 8. 0-0 a6 9. Qe2 cxd4 10. Rd1 Be7 11. exd4 Nb4 12. Bg5 0-0 13. Ne5 Nfd5 14. Bxe7 Qxe7 15. Bxd5 Nxd5 16. Nxd5 exd5 17. Qf3 Be6 18. Nd3 a5 19. Rdc1 Rac8 20. Qe3 b6 21. Nf4 Qd6 22. Nxe6 Qxe6 23. Qxe6 fxe6 24. f3 g5 25. Kf2 g4 26. Ke3 gxf3 27. gxf3 Kf7 28. Kd3 Kf6 29. Rxc8 Rxc8 30. Rg1 b5 31. axb5 Rb8 32. b3 Rxb5 33. Kc3 e5 34. Rg4 Rb7 35. dxe5+ Kxe5 36. Ra4 Rf7 37. f4+ Kd6 38. Kd3 h5 39. Ke3 Rb7 40. Rxa5 Rxb3+ 41. Kd4 Rb4+ 42. Ke3 Ke6 43. f5+ Ke5 44. f6 Re4+ 45. Kd3 Rf4 46. Ke3 Rxf6 47. Ra8 d4+ 48. Ke2 Rf5 49. Re8+ Kd5 50. Rh8 Kc4 51. Rc8+ Rc5 52. Ra8 Kd5 53. Rd8+ Ke4 54. Re8+ Re5 55. Rf8 Ra5 56. Re8+ Kd5 57. Rd8+ Kc4 58. Rc8+ Rc5 59. Ra8 h4 60. Ra1 Rb5 61. Rc1+ Kd5 62. Kf3 Rc5 63. Rd1 Rc3+ 64. Kg4 h3 65. Kf4 Kc4 66. Rd2 Re3 67. Ra2 Rb3 68. Ke4 Re3+ 69. Kf4 Kb3 70. Rd2 Kc3 71. Ra2 Re1 72. Ra3+ Kc2 73. Rxh3 d3 74. Rh8 d2 75. Rc8+ Kb3 76. Rd8 d1Q 77. Rxd1 Rxd1 78. h4 Kc4 79. h5 Kd5 80. Kf5 Kd6 81. Kg6 Ke7 82. Kg7 Rg1+ 83. Kh7 Kf7 84. Kh6 Rh1 85. Kg5 Kg8 86. Kh6 Ra1 0-1